Statistiques concernant Acteurs ayant reçu l’oscar du meilleur acteur 1

Cliquez ici pour prendre le quiz!

Statistiques générales

  • Ce quiz a été pris 46 fois
  • Le résultat moyen est 5 sur 11

Statistiques - réponses

anRéponse% Correct
1994Tom Hanks
85%
1995Tom Hanks
85%
1990Daniel Day-Lewis
62%
1993Al Pacino
59%
1998Jack Nicholson
54%
1992Antony Hopkins
49%
1996Nicolas Cage
26%
2000Kevin Spacey
23%
1997Geoffrey Rush
21%
1991Jeremy Irons
15%
1999Roberto Benigni
13%

Distribution des résultats

Percentile par nombre de réponses

% des personnes avec chaque résultat

Votre développement - résultats

Vous n’avez pas pris ce quiz